000 00339nam a2200157Ia 4500
001 22415
003 IN-NITTTR
005 20251114233253.0
008 251113s9999||||xx |||||||||||||| ||eng||
040 _beng
040 _cIN-NITTTR
041 _aeng
082 _a133.5 A61
245 0 _aArun Sanhita :
_b Lal Kitab. /
942 _2ddc
_cBK
999 _c25044
_d25044